[Event "Bled opB"]
[Site "Bled"]
[Date "1998.07.18"]
[Round "3"]
[White "Schlichtmann, Gisbert"]
[Black "Nieto, Maria Estrella"]
[Result "0-1"]
[WhiteElo "2305"]
[BlackElo "2460"]
[PlyCount "50"]
[EventDate "1998.03.21"]
[Source "www.chesslib.no"]
[SourceDate "2004.05.04"]

1. e4 e5 2. Nf3 Nc6 3. Bc4 Bc5 4. b4 Bxb4 5. c3 Be7 6. d4 Na5 7. Be2 exd4 8. Qxd4 f6 9. Qd5 c6 10. Qh5+ g6 11. Qh4 f5 12. Qf4 fxe4 13. Qxe4 Nf6 14. Qc2 O-O 15. h4 d5 16. Bd3 Bc5 17. Bh6 Re8+ 18. Kf1 Ng4 19. Bxg6 Nxh6 20. Ng5 Rf8 21. Bxh7+ Kh8 22. Nf3 Nc4 23. Bd3 Bf5 24. Bxf5 Nxf5 25. Qd3 Qb6 0-1

[Event "It (open) \\"]
[Site "?"]
[Date "2005.05.12"]
[Round "5"]
[White "Castano Duvan Martin"]
[Black "Jonkman Harmen"]
[Result "0-1"]
[WhiteElo "2332"]
[BlackElo "2428"]
[PlyCount "78"]
[EventDate "2005.??.??"]
[Source "www.chesslib.no"]
[SourceDate "2004.05.04"]

1. e4 e5 2. Nf3 Nc6 3. Bc4 Bc5 4. b4 Bxb4 5. c3 Bd6 6. O-O Nf6 7. d4 O-O 8. Bg5 Be7 9. Nbd2 d6 10. h3 h6 11. Bh4 Nh7 12. Bg3 Bf6 13. Bb5 exd4 14. Bxc6 dxc3 15. e5 dxe5 16. Ne4 Qxd1 17. Rfxd1 bxc6 18. Rac1 Be6 19. Nxc3 Rfe8 20. Nxe5 Bxa2 21. Nxc6 Bb3 22. Rd7 a5 23. Nb5 Nf8 24. Rd3 Bb2 25. Nxc7 Bxc1 26. Nxe8 Rxe8 27. Rxb3 a4 28. Rb1 Bg5 29. Ra1 Rc8 30. Nb4 Rc1+ 31. Rxc1 Bxc1 32. Kf1 Ne6 33. Be5 a3 34. Nd3 Bg5 35. Ke2 Bf6 36. Bxf6 Nf4+ 37. Kf3 Nxd3 38. Bd4 Ne1+ 39. Ke2 Nxg2 0-1

[Event "Gausdal Troll Masters"]
[Site "Gausdal NOR"]
[Date "1987.??.??"]
[Round "?"]
[White "Pyhala, Antti"]
[Black "Wibe, Terje Paul"]
[Result "1-0"]
[WhiteElo "2385"]
[BlackElo "2370"]
[PlyCount "41"]
[EventDate "1987.??.??"]
[Source "www.chesslib.no"]
[SourceDate "2004.05.04"]

1. e4 e5 2. Nf3 Nc6 3. Bc4 Bc5 4. b4 Bxb4 5. c3 Bc5 6. d4 Bb6 7. dxe5 Qe7 8. Ba3 d6 9. exd6 Qxe4+ 10. Be2 Bd7 11. Nbd2 Qg6 12. O-O O-O-O 13. Nc4 Bh3 14. Nh4 Qg5 15. Qa4 Kb8 16. dxc7+ Bxc7 17. Rab1 Nge7 18. Bf3 Qxh4 19. Rxb7+ Kxb7 20. Bxe7 Qh6 21. Bxc6+ 1-0

[Event "Bled op"]
[Site "Bled"]
[Date "1999.03.28"]
[Round "9"]
[White "Grosar, Aljosa"]
[Black "Bozanic, Ivica"]
[Result "1/2-1/2"]
[WhiteElo "2450"]
[BlackElo "2305"]
[PlyCount "69"]
[EventDate "1999.03.20"]
[Source "ChessBase"]
[SourceDate "1999.05.10"]

1. e4 e5 2. Nf3 Nc6 3. Bc4 Bc5 4. b4 Bxb4 5. c3 Be7 6. d4 Na5 7. Nxe5 Nxc4 8. Nxc4 d5 9. exd5 Qxd5 10. Ne3 Qd8 11. O-O Nf6 12. c4 O-O 13. Nc3 Re8 14. Rb1 b6 15. Qf3 Ba6 16. Rd1 Qd7 17. h3 Rad8 18. Rb3 Bd6 19. Ba3 Qe6 20. Bxd6 Qxd6 21. Nb5 Bxb5 22. Rxb5 Re4 23. Nf5 Qf4 24. Ne7+ Kf8 25. Nc6 Rd6 26. Qa3 Re2 27. Rf1 Ne4 28. Qxa7 g6 29. Qxc7 Rxf2 30. Qc8+ Kg7 31. Rbb1 Rxc6 32. Qxc6 Rxg2+ 33. Kxg2 Qg3+ 34. Kh1 Qxh3+ 35. Kg1 1/2-1/2

[Event "Christmas Open"]
[Site "Zadar"]
[Date "2003.12.19"]
[Round "7"]
[White "Jurkovic, Hrvoje"]
[Black "Djingarova, Emilia"]
[Result "1/2-1/2"]
[WhiteElo "2422"]
[BlackElo "2329"]
[PlyCount "103"]
[EventDate "2003.12.15"]
[Source "Roberto Alvarez"]
[SourceDate "2003.12.22"]

1. e4 e5 2. Nf3 Nc6 3. Bc4 Bc5 4. b4 Bxb4 5. c3 Be7 6. d4 Na5 7. Nxe5 Nxc4 8. Nxc4 d5 9. exd5 Qxd5 10. Ne3 Qd8 11. O-O Nf6 12. c4 c6 13. Nc3 O-O 14. Bb2 Qc7 15. Qf3 Bd6 16. h3 Re8 17. Rfd1 Bh2+ 18. Kh1 Qf4 19. Qe2 Bg3 20. fxg3 Qxe3 21. Qxe3 Rxe3 22. d5 Bf5 23. g4 Bd7 24. dxc6 Bxc6 25. Nd5 Re2 26. Bxf6 gxf6 27. Nxf6+ Kg7 28. Nd5 Rae8 29. Rd4 R8e4 30. Rxe4 Rxe4 31. Rc1 b5 32. Kg1 Rxc4 33. Rd1 Rc2 34. Ne3 Rxa2 35. Nf5+ Kf8 36. Rd8+ Be8 37. Ra8 Ra6 38. Kf2 f6 39. Ke3 Kf7 40. Kd4 Bd7 41. Kc5 Rc6+ 42. Kd5 Ra6 43. Nd4 Be8 44. Rc8 Ra2 45. Rc7+ Kg6 46. Nf5 Bf7+ 47. Ke4 Ra4+ 48. Kf3 a5 49. Ne7+ Kg7 50. Nf5+ Kg6 51. Ne7+ Kg7 52. Nf5+ 1/2-1/2